| 000 | 00510 a2200181 4500 | ||
|---|---|---|---|
| 003 | OSt | ||
| 005 | 20230824120845.0 | ||
| 008 | 230823b |||||||| |||| 00| 0 eng d | ||
| 020 | _a9789351611769 | ||
| 040 | _coclc | ||
| 082 |
_a519.5 _bSTA/G |
||
| 100 |
_aGupta, S P _9766 |
||
| 245 |
_aSTATISTICAL METHODS / _cDr. S P Gupta |
||
| 250 | _a46ED | ||
| 260 |
_aNew Delhi: _bSultan Chand & sons, _c2022. |
||
| 300 | _amultipagination | ||
| 942 |
_2ddc _cBK _h519.5 _iSTA/G _k519.5 _mSTA/G |
||
| 999 |
_c41964 _d41964 |
||